| 000 | 00843nac a22002171u 4500 | ||
|---|---|---|---|
| 008 | 100907t xxu||||| |||| 00| 0 eng d | ||
| 010 | _a99050184 | ||
| 020 | _a8170080819 | ||
| 082 | 0 | 0 |
_a624.15 _bPUN |
| 100 |
_aPunmia, B. C. _918557 |
||
| 245 | 1 | 0 |
_aSoil Mechanics and Foundations / _cB. C. Punmia, Ashok Kumar Jain, Arun Kumar Jain. |
| 260 |
_aNew Delhi : _b Lamxi publications, _c2003. |
||
| 300 |
_a970 p. : _bill. ; _c24 cm. |
||
| 500 | _aIncludes index. | ||
| 650 | 0 |
_aSoil mechanics. _918558 |
|
| 650 | 0 |
_aFoundations. _918559 |
|
| 700 |
_aKumar Jain, Ashok. _918560 |
||
| 700 |
_aKumar Jain, Arun. _918561 |
||
| 942 |
_cBB _k624.15PUN _2ddc |
||
| 999 |
_c828 _d828 |
||